000 01266cam a22003497a 4500
003 CHAP
005 20220329141902.0
008 980413d1998 mx r 00110 spa d
010 _a75292
011 _a76264
035 _a85843
040 _cCHAP
090 _aTesis
100 0 0 _aGarcía Reyes, J. Jesús.
_946511
245 1 0 _aEvaluación agronómica de 25 colectas de amaranto (Amaranthus hypochondriacus L.), bajo condiciones de temporal en Chapingo, México
_c/por J. Jesús García Reyes
260 _aChapingo, Méx. :
_bEl autor,
_c1998.
300 _a50 h. :
_bgráfs.
502 _aTesis (Ing. Agr. Esp. en Fitotecnia) --UACH. Departamento de Fitotecnia
590 _aALEPH
_b10
_c20130110
_lUCH01
_h1423
590 _aBATCH-UPD
_b10
_c20130110
_lUCH01
_h0701
590 _aBATCH-UPD
_b10
_c20130410
_lUCH01
_h0347
590 _aBATCH-UPD
_b10
_c20130913
_lUCH01
_h2153
590 _aCONVERSION
_b10
_c20130109
_lUCH01
_h1341
650 1 4 _aAgricultura de temporal.
_91999
650 1 4 _aAmaranthus hypochondriacus.
_95106
650 1 4 _aAmaranto
_xRendimiento.
_95140
901 _aBK
905 _aMayto Villalobos S.
942 _cFOLL
949 _bBC
_cTES
_d33724000589248
_eTS2
_fc.2
_h32476
_i85843
_si
949 _bBC
_cTES
_d858431
_eTS1
_h32475
_i85843
_sb
999 _c75292
_d75292